Sandokan / (Record no. 141497)

MARC details
000 -CABECERA
campo de control de longitud fija 00796cam a22002654a 4500
003 - IDENTIFICADOR DEL NÚMERO DE CONTROL
campo de control UPN
005 - FECHA Y HORA DE LA ÚLTIMA TRANSACCIÓN
campo de control 20220908163715.0
008 - ELEMENTOS DE LONGITUD FIJA--INFORMACIÓN GENERAL
campo de control de longitud fija 090217s2005 mx a r 000 f spa d
020 ## - NÚMERO INTERNACIONAL NORMALIZADO PARA LIBROS
Número Internacional Estándar del Libro 9706909494
035 ## - NÚMERO DE CONTROL DEL SISTEMA
Número de control de sistema UPN01000169391
040 ## - FUENTE DE LA CATALOGACIÓN
Centro catalogador/agencia de origen UPN
Lengua de catalogación spa
Centro/agencia transcriptor UPN
049 ## - COLECCIÓN
Colección CG
050 #4 - SIGNATURA TOPOGRÁFICA DE LA BIBLIOTECA DEL CONGRESO
Número de clasificación PQ4841 A4
Número de documento/Ítem S2.6 2005c
100 1# - ASIENTO PRINCIPAL--NOMBRE PERSONAL
Nombre de persona Salgari, Emilio,
Fechas asociadas al nombre 1862-1911
9 (RLIN) 28104
245 10 - MENCIÓN DE TÍTULO
Título Sandokan /
Mención de responsabilidad, etc. Emilio Salgari ; prólogo Paco Ignacio Taibo II.
250 ## - MENCIÓN DE EDICIÓN
Mención de edición Primera edición
260 ## - PUBLICACIÓN, DISTRIBUCIÓN, ETC.
Lugar de publicación, distribución, etc. México :
Nombre del editor, distribuidor, etc. Planeta,
-- Destino :
Fecha de publicación, distribución, etc. 2005.
300 ## - DESCRIPCIÓN FÍSICA
Extensión 128 páginas :
Otras características físicas ilustraciones
650 #4 - ASIENTO SECUNDARIO DE MATERIA - TERMINO TEMATICO
Término de materia o nombre geográfico como elemento de entrada Novela italiana
9 (RLIN) 5076
650 #4 - ASIENTO SECUNDARIO DE MATERIA - TERMINO TEMATICO
Término de materia o nombre geográfico como elemento de entrada Piratas
Subdivisión de forma Novela
9 (RLIN) 4090
650 #0 - ASIENTO SECUNDARIO DE MATERIA - TERMINO TEMATICO
Término de materia o nombre geográfico como elemento de entrada Aventuras y aventureros
9 (RLIN) 4121
700 1# - ASIENTO SECUNDARIO--NOMBRE DE PERSONAL
Nombre de persona Taibo, Paco Ignacio,
Fechas asociadas al nombre 1949-
Término indicativo de función/relación prologuista
9 (RLIN) 30687
905 ## - TIPO DE MATERIAL
Tipo de material Libro
942 ## - ELEMENTOS DE PUNTO DE ACCESO ADICIONAL (KOHA)
Fuente del sistema de clasificación o colocación Library of Congress Classification
Tipo de ítem Koha Libro
Holdings
Estado de retiro Estado de pérdida Fuente del sistema de clasificación o colocación Estado dañado No para préstamo Código de colección Localización permanente Ubicación/localización actual Ubicación en estantería Fecha de adquisición Clasificación Código de barras Fecha visto por última vez Tipo de ítem Koha
    Library of Congress Classification     Colección General Bib. Gregorio Torres Quintero Bib. Gregorio Torres Quintero Planta baja 08/09/2022 PQ4841 A4 S2.6 2005c AP717 31/12/2020 Libro